Missing Word: Boy and Girl Movies Quiz Stats

 Plays Quiz Updated May 21, 2015

Challenge
Share
Tweet
Embed
Score 0/20 Timer 03:00
4 Plays Today
Hint Word % Correct
The Girl with the ______ TattooDragon
94.8%
Boys Don't ___Cry
92.2%
What a Girl _____Wants
90.5%
____ GirlsMean
85.1%
Girl with a Pearl ______Earring
80.2%
Riding in ____ with BoysCars
80.1%
Where the Boys ___Are
78.3%
____ a BoyAbout
75.1%
Jimmy _______: Boy GeniusNeutron
72.2%
His Girl ______Friday
67.7%
Hint Word % Correct
_____ GirlFunny
62.3%
The Other ______ GirlBoleyn
60.3%
A Boy Named _______ BrownCharlie
51.6%
The ____ BoysLost
45.3%
______ Park Boys: The MovieTrailer
34.3%
______ BoysWonder
22.8%
The ________ BoysSunshine
14%
_______'s GirlGregory
6.7%
My Little Pony: _________ GirlsEquestria
5.1%
_________ GirlsBeautiful
4.9%

Today's Daily Dose

You're not logged in!

Compare scores with friends on all Sporcle quizzes.
OR
Log In

You Might Also Like...

Show Comments

Extras

Top Quizzes Today


Score Distribution

Your Account Isn't Verified!

In order to create a playlist on Sporcle, you need to verify the email address you used during registration. Go to your Sporcle Settings to finish the process.

Report this User

Report this user for behavior that violates our Community Guidelines.

Details: